书目信息 |
| 题名: |
社会素质教育论
|
|
| 作者: | 钱源伟 著 | |
| 分册: | ||
| 出版信息: | 广州 广东教育出版社 2001 |
|
| 页数: | 348页 | |
| 开本: | 21cm | |
| 丛书名: | 素质教育论丛书 | |
| 单 册: | ||
| 中图分类: | G77 | |
| 科图分类: | ||
| 主题词: | 社会教育--素质教育--研究 , 社会教育 , 素质教育 | |
| 电子资源: | ||
| ISBN: | 7-5406-4656-X | |
| 000 | 00840oam2 2200265 450 | |
| 001 | 1538545531 | |
| 005 | 20150129104237.06 | |
| 010 | @a7-5406-4656-X@dCNY19.00 | |
| 100 | @a20011106d2001 emky0chiy0110 ea | |
| 101 | 0 | @achi |
| 102 | @aCN@b440000 | |
| 105 | @ay z 000yy | |
| 200 | 1 | @a社会素质教育论@9she hui su zhi jiao yu lun@f钱源伟著 |
| 210 | @a广州@c广东教育出版社@d2001 | |
| 215 | @a348页@d21cm | |
| 225 | 2 | @a素质教育论丛书 |
| 330 | @a本书分15章对社会素质教育的发展背景,价值追求,文化视野,社会素质的性质、分类与结构,社会素质教育的性质、目的与特点等问题展开了论述。 | |
| 461 | 0 | @12001 @a素质教育论丛书 |
| 606 | 0 | @a社会教育@x素质教育@x研究 |
| 606 | 0 | @a社会教育 |
| 606 | 0 | @a素质教育 |
| 690 | @aG77@v5 | |
| 701 | 0 | @a钱源伟@9qian yuan wei@f(1949.2~)@4著 |
| 801 | 0 | @aCN@bTSSF@c20150129 |
| 905 | @aZUCC@dG77@eJY1 | |
| 社会素质教育论/钱源伟著.-广州:广东教育出版社,2001 |
| 348页;21cm.-(素质教育论丛书) |
| ISBN 7-5406-4656-X:CNY19.00 |
| 本书分15章对社会素质教育的发展背景,价值追求,文化视野,社会素质的性质、分类与结构,社会素质教育的性质、目的与特点等问题展开了论述。 |
| ● |
| 相关链接 |
|
|
|
|
正题名:社会素质教育论
索取号:G77/JY1
 
预约/预借
| 序号 | 登录号 | 条形码 | 馆藏地/架位号 | 状态 | 备注 |
| 1 | 7859324 | 278593247 | 学院路分馆/ [索取号:G77/JY1] | 在馆 |